| 000 | 01333nam a2200301 4500 | ||
|---|---|---|---|
| 001 | 0000017824 | ||
| 003 | CO-CtgCURN | ||
| 005 | 20250329191006.0 | ||
| 007 | ta | ||
| 008 | 160627s1997 000 0 eng d | ||
| 020 | _a9586006174 | ||
| 040 |
_aCO-CtgCURN _bspa _ccoctgcurn |
||
| 082 | 0 |
_a658 _bB13m |
|
| 100 | 1 | _aBade, Nicholas E. | |
| 245 | 1 | 0 |
_aManagement para pequeña y mediana empresa : _bmarketing sin dinero 175 formas gratuitas, faciles y muy utiles para que los pequeños negocios incrementen sus ventas / _cNicholas E. Bade , traducción Guadalupe Maza staines. |
| 260 |
_aBogotá : _bMcGraw-Hill, _c1997. |
||
| 300 | _a165 p. | ||
| 336 | _2rdacontent | ||
| 337 |
_2rdamedia _asin mediacion _bn |
||
| 338 |
_2rdacarrier _avolumen _bnc |
||
| 500 | _aIncluye indice tematico. | ||
| 505 | 8 | _aFormas economicas de llegar a los prospectos.--Trucos y letreros que atraen la atencion.--Publicidad gratuita en las noticias.--Relaciones publicas.--Haga que otros vendan por usted.--Conserve a sus clientes actuales y vendales mas.--Los incentivos y las bonificaciones atraen a los clientes | |
| 650 | 1 | 4 |
_aGestion empresarial _vControl. |
| 700 | 1 |
_aMaza staines, Guadalupe, _eTraductor. |
|
| 908 | _a160627 | ||
| 942 |
_cBK _h658 _iB13m _2ddc |
||
| 999 |
_c10497 _d10497 |
||